000 00988nam a2200229Ia 4500
003 GCL
008 140319s9999 xx 000 0 ara d
020 _a5138322977
040 _aGCL /
_cGCL
082 0 4 _a953.001
_bع ن
100 1 _aعبدالعزيز سليمان نوار
245 1 0 _aالنهضة العربية الحديثة - مصر - الجزيرة العربية - الشام - السودان /
_cعبدالعزيز سليمان نوار
250 _aالاولى
260 _aالقاهرة :
_bعين للدراسات والبحوث الانسانية والاجتماعية ،
_c2004
300 _a160 ص ؛
_c28 سم
650 0 4 _aالشام - تاريخ
650 0 4 _aالسودان - تاريخ - العصر الحديث
650 0 4 _aشبه الجزيرة العربية - تاريخ
650 0 4 _aمصر - تاريخ - العصر الحديث
650 0 4 _aشبه الجزيرة العربية - تاريخ - العصر الحديث
942 _2ddc
_cBK
999 _c57409
_d57409